000 00978nam0a22002531 4500
001 rc\381077
005 20030307122954.9
035 _a(NLR Aleph) 005578905
090 _a6091030
_c6091030
100 _a20030307d1989 u |0rusy50 ca
101 0 _arus
102 _aRU
105 _ay |||||||||
200 1 _aУглеводы
_eТекст лекции
_fМ-во здравоохранения УССР, Респ. метод. каб. по высш. мед. образованию, Львов. гос. мед. ин-т, [Каф. орган. и биоорган. химии]
210 _aКиев
_cРМК по ВМО
_d1989
215 _a53, [1] с.
_d20
320 _aБиблиогр.: с. 53 (10 назв.)
700 1 _aЧерных
_bВ. П.
_gВалентин Петрович
701 1 _aЗименковский
_bБ. С.
_gБорис Семенович
801 0 _aRU
_bNLR
_gpsbo
801 1 _aRU
_bELAR
_2rusmarc
852 _aNLR
_j90-4/9062
942 _cBOOK
980 _aNB